Plus ou moins de 100 ans? - Mort Subite#3 - Statistiques

Statistiques générales
  • Ce quiz a été pris 144 fois
  • Le résultat moyen est 3 sur 8
Answers on the Grid
Answers color-coded by a green-red scale on the quiz's grid according to % correct below.
Prison d'Alcatraz
Invention ampoule électrique
Longévité de Moïse dans la bible
longévité du plus vieux saumon
Invention du Labello
Longévité du plus vieil ours polaire
Extinction du loup d'Hokkaido
Date de décès d'Al Capone
Gare d'Austerlitz
Premier Tour de France
Création de l'AK-47
Naissance de Georges Pompidou
Mercedes-Benz
Pilule contraceptive
Découverte de l'Okapi
Sortie de Pinocchio par les studios Disney
 
Statistiques - réponses
Réponse % Correct
Premier Tour de France
69%
Invention ampoule électrique
60%
Naissance de Georges Pompidou
50%
Longévité de Moïse dans la bible
44%
Gare d'Austerlitz
36%
Découverte de l'Okapi
16%
Extinction du loup d'Hokkaido
14%
Invention du Labello
11%
Aucun quiz correspondant
Distribution des résultats
% des personnes avec chaque résultat
Percentile par nombre de réponses
Votre historique - résultats
Vous n’avez pas pris ce quiz